[Event "TUR Cup"]
[Site "Antalya"]
[Date "2020.01.29"]
[Round "5"]
[White "Kalender, Murat Emre"]
[Black "Erdal, Emre"]
[Result "0-1"]
[WhiteElo "1618"]
[BlackElo "1833"]
[PlyCount "88"]
[EventDate "2020.01.26"]
[EventType "swiss"]
[EventRounds "11"]
[EventCountry "TUR"]
[SourceTitle "CBM 194 Extra"]
[Source "ChessBase"]
[SourceDate "2020.03.31"]
[SourceVersion "1"]
[SourceVersionDate "2020.03.31"]
[SourceQuality "1"]

1. d4 d5 2. Bf4 Bf5 3. e3 e6 4. c4 c6 5. Nf3 Nf6 6. Bd3 dxc4 7. Bxf5 exf5 8. Ne5 Bb4+ 9. Nc3 Nd5 10. Rc1 Nxf4 11. exf4 b5 12. 0-0 0-0 13. Qf3 Bxc3 14. bxc3 Qd6 15. Qh5 f6 16. Nf3 Qxf4 17. Rfe1 Na6 18. Re3 Qg4 19. Qxg4 fxg4 20. Nh4 f5 21. f4 g6 22. Rce1 Nc7 23. g3 Rae8 24. Rxe8 Rxe8 25. Rxe8+ Nxe8 26. Ng2 Nd6 27. Ne3 Ne4 28. d5 c5 29. Kf1 Kf7 30. a4 a6 31. axb5 axb5 32. Nd1 Ke7 33. Ke2 Kd6 34. Nb2 Nxc3+ 35. Kd2 Nxd5 36. Kc2 Nf6 37. Nd1 Ne4 38. Kb2 Kd5 39. Kc2 Kd4 40. Kb2 Kd3 41. Kc1 c3 42. h3 gxh3 43. g4 h2 44. g5 h1Q 0-1

[Event "TUR Cup"]
[Site "Antalya"]
[Date "2019.02.01"]
[Round "9"]
[White "Ince, Taylan Ruzgar"]
[Black "Kalender, Murat Emre"]
[Result "1/2-1/2"]
[WhiteElo "1544"]
[BlackElo "1612"]
[PlyCount "46"]
[EventDate "2019.01.27"]
[EventType "swiss"]
[EventRounds "11"]
[EventCountry "TUR"]
[SourceTitle "CBM 188 Extra"]
[Source "ChessBase"]
[SourceDate "2019.02.26"]
[SourceVersion "1"]
[SourceVersionDate "2019.02.26"]
[SourceQuality "1"]

1. e4 c5 2. Nf3 e6 3. d4 cxd4 4. Nxd4 a6 5. Nc3 Qc7 6. g3 b6 7. Bg2 Bb7 8. 0-0 Nf6 9. Be3 d6 10. f4 h5 11. h3 Nbd7 12. Nb3 Rc8 13. a4 Be7 14. Qe2 Qb8 15. Rad1 Nc5 16. Nxc5 bxc5 17. Bc1 Qa8 18. Rfe1 Nd7 19. Bf3 Nf6 20. Bg2 Nd7 21. Nd5 Kf8 22. Nxe7 Kxe7 23. Qd3 Qb8 1/2-1/2